Out of the Hills: (Record no. 201786)

MARC details
000 -LEADER
fixed length control field 00680nam a22001937a 4500
005 - DATE AND TIME OF LATEST TRANSACTION
control field 20240326171513.0
010 ## - LCCN (DPL NO)
LC control number ENG-139932
020 ## - INTERNATIONAL STANDARD BOOK NUMBER
International Standard Book Number 9788193878507
Terms of availability 250.00
035 ## - SYSTEM CONTROL NUMBER
System control number EN-123464
037 ## - SOURCE OF ACQUISITION
Source of stock number/acquisition DBAD/PUB
082 ## - DEWEY DECIMAL CLASSIFICATION NUMBER
Classification number 305.80095451
Edition number 1
100 ## - MAIN ENTRY--PERSONAL NAME
Personal name Kolb, Michael R.
245 ## - TITLE STATEMENT
Title Out of the Hills:
Remainder of title Young Dimasas and Traditional Religion/
Statement of responsibility, etc By Michael R. Kolb,
250 ## - EDITION STATEMENT
Edition statement 1
260 ## - PUBLICATION, DISTRIBUTION, ETC. (IMPRINT)
Place of publication, distribution, etc Guwahati
Date of publication, distribution, etc 2019
Name of publisher, distributor, etc North Eastern Social Research Centre
270 ## - ADDRESS
City Guwahati
Address Jagriti, 2nd Floor, Arunodoi Basti , GMCH Road, Christian Basti
Postal code 781005
Electronic mail address nesrcghy@gmail.com
300 ## - PHYSICAL DESCRIPTION
Extent viii,296p.
Dimensions 22(pbk.)
942 ## - ADDED ENTRY ELEMENTS (KOHA)
Source of classification or shelving scheme Dewey Decimal Classification
Item type English Books
Classification part 305.80095451
Call number suffix KOL
Edition 1
Holdings
Withdrawn status Lost status Not for loan Collection code Home library Current library Date acquired Source of acquisition Cost, normal purchase price Full call number Barcode Copy number Cost, replacement price Koha item type
      Non-fiction Bawana Bawana 26/03/2024 DBAD 250.00 305.80095451 KOL EN-123464 1 250.00 English Books

© Delhi Public Library
Hit Counter
free hit counter